Za oknom meluzína

Podrobná bibliografia
Hlavný autor: Kubányová, Naďa, 1979- (Autor)
Médium: Článok
Jazyk:slovenčina
ISSN:1210-2210
Predmet:

MARC

LEADER 00000nab a2200000 a 4500
001 vtls008155084
003 SK-MaSNL
005 20260304144404.0
008 250505c2004 xo mr|p|||||||000 b|slo
015 |a SNBRB2005/05  |2 snkbucl 
035 |a (uuid)75251589-eb47-4f3a-b913-b61ddb6e9c4d 
035 |a urn:nbn:sk:snk-abbyuh 
035 |a (urnnbn)urn:nbn:sk:snk:ar-003t1q 
038 |a SNKBUCL 
040 |a SNKBUCL  |b slo  |c SNKBUCL  |e AACR2 
041 0 |a slo 
044 |a xo  |c SK 
080 |a 821.162.4-1  |2 1997 
100 1 |a Kubányová, Naďa,  |d 1979-  |4 aut  |9 134370 
245 1 0 |a Za oknom meluzína  |c Naďa Kubányová 
650 0 7 |a lyrické básne, slovenské  |2 snkbucl  |9 28980 
773 0 |t Dotyky  |g Roč. XVI, č. 2-3 (2004), s. 97  |x 1210-2210 
850 |a Slovenská národná knižnica 
852 |a Slovenská národná knižnica 
958 |a article15 
958 |a OND 
958 |a LX 
958 |a EUIPO 
999 |c 2930984  |d 2932914